comparison of rice varieties , IR66, chulsa, senpidor-loam soil in dry season condition ប្រៀបធៀបពូជស្រូវ​ អ៊ីអ៊ែ៦៦ ជលសារ សែនពិដោរ និង​ ដាំណាំខុងបូង (IR៥០៤)លើដីល្បាយខ្សោច់លក្ខខណ្ឌរដូវប្រាំង (Record no. 18241)

000 -LEADER
fixed length control field 00747nam a22001337a 4500
040 ## - CATALOGING SOURCE
Transcribing agency RUA
082 ## - DEWEY DECIMAL CLASSIFICATION NUMBER
Classification number AGR PRU 2017 B646 Or.1
100 ## - MAIN ENTRY--AUTHOR NAME
Personal name PRUM LINDA ព្រំ លីនដា
245 ## - TITLE STATEMENT
Title comparison of rice varieties , IR66, chulsa, senpidor-loam soil in dry season condition ប្រៀបធៀបពូជស្រូវ​ អ៊ីអ៊ែ៦៦ ជលសារ សែនពិដោរ និង​ ដាំណាំខុងបូង (IR៥០៤)លើដីល្បាយខ្សោច់លក្ខខណ្ឌរដូវប្រាំង
260 ## - PUBLICATION, DISTRIBUTION, ETC. (IMPRINT)
Place of publication RUA
Name of publisher Phnom penh
Year of publication 2017
300 ## - PHYSICAL DESCRIPTION
Number of Pages ix;35p
Other physical details ill;
Dimensions 29cm
856 ## - ELECTRONIC LOCATION AND ACCESS
Uniform Resource Identifier https://drive.google.com/file/d/14I6R5mNlwgr6W9pGugUOFCjCVI1fNLrQ/view?usp=sharing
942 ## - ADDED ENTRY ELEMENTS (KOHA)
Koha item type AGR
952 ## - LOCATION AND ITEM INFORMATION (KOHA)
Withdrawn status [LOCAL, KOHA] 0
952 ## - LOCATION AND ITEM INFORMATION (KOHA)
Withdrawn status [LOCAL, KOHA] 0
952 ## - LOCATION AND ITEM INFORMATION (KOHA)
Withdrawn status [LOCAL, KOHA] 0
952 ## - LOCATION AND ITEM INFORMATION (KOHA)
Withdrawn status [LOCAL, KOHA] 0
952 ## - LOCATION AND ITEM INFORMATION (KOHA)
Withdrawn status [LOCAL, KOHA] 0
952 ## - LOCATION AND ITEM INFORMATION (KOHA)
Withdrawn status [LOCAL, KOHA] 0
Holdings
Permanent Location Date acquired Koha item type Lost status Shelving location Barcode Current Location Full call number
Library Block B2019-09-06AGR B646A44431Library Block BAGR PRU 2017 B646 Or.1
Library Block B2019-09-06AGR B646A44506Library Block BAGR PRU 2017 B646 Or.2
Library Block B2019-09-06AGR B646A44022Library Block BAGR PRU 2017 B646 Or.3
Library Block B2019-09-06AGR B646A44097Library Block BAGR PRU 2017 B646 Or.4
Library Block B2019-09-06AGR B646A43652Library Block BAGR PRU 2017 B646 Or.5
Library Block B2019-09-06AGR B646A43682Library Block BAGR PRU 2017 B646 Or.6
មជ្ឈមណ្ឌលឯការនៃសាកលវិទ្យាល័យភូមិន្ទកសិកម្មចំការដូង

Powered by Koha